Vista normal Vista MARC

Entrada Personal Name

Número de registros utilizados en: 4

001 - CONTROL NUMBER

  • control field: 1359

003 - CONTROL NUMBER IDENTIFIER

  • control field: OSt

005 - DATE AND TIME OF LATEST TRANSACTION

  • control field: 20230418145429.0

008 - FIXED-LENGTH DATA ELEMENTS

  • fixed length control field: 230418|| aca||aabn | a|a d

040 ## - CATALOGING SOURCE

  • Original cataloging agency: OSt
  • Transcribing agency: OSt

100 ## - HEADING--PERSONAL NAME

  • Personal name: Restrepo, Indira

670 ## - SOURCE DATA FOUND

  • Source citation: Work cat.: (OSt): López Michelsen, Alfonso 1913-2007 1352, Visiones del siglo XX colombiano a través de sus protagonistas ya muertos









Instituto Departamental de Cultura del Meta - Red Departamental de Bibliotecas Públicas del Meta.